000 00445cam a22001217a 4500
008 180718b-- xxu||||| |||| 00| 0 eng d
082 _aB71103x5442 A
100 _aMaharashtra. Law and Judiciary Department
245 _aThe Maharashtra zilla parishads and panchayat samitis (amendment) act
246 _aThe Bombay village panchayats act, 1958
260 _aBombay
_bThe author
_c--
500 _aLibrary has 1956, 1958, 1962, 1966, 1987, 1994, 1997
999 _c488564
_d488564